טוען...

Gallivarinte Sanchara Kathakal

מידע ביבליוגרפי
מחבר ראשי: NIL
פורמט: Printed Book
שפה:Malayalam
יצא לאור: NIL NIL
LEADER 00387nam a2200121Ia 4500
008 111205s9999 xx 000 0 mal d
100 |a NIL 
245 |a Gallivarinte Sanchara Kathakal  |c NIL 
260 |b NIL  |a NIL  |c 0 
300 |a 84 
942 |c BK 
999 |c 217732  |d 217732 
952 |0 0  |1 0  |4 0  |6 S_9R3  |7 0  |9 240638  |a MAL  |b MAL  |c SEC  |d 1997-08-25  |g 0.00  |j 127  |l 0  |o S9R3  |p MAL13525  |r 2015-04-13  |v 0.00  |w 2015-04-13  |y BK  |k 1.00